Základy ekonómie a ekonomiky [2000/2001]

Gespeichert in:
Bibliographische Detailangaben
1. Verfasser: Hontyová, Kajetána
Körperschaft: Ekonomická univerzita v Bratislave
Weitere Verfasser: Lisý, Ján, Satková, Blanka
Format: Buch
Sprache:Slowakisch
Veröffentlicht: Bratislava Vydavateľstvo EKONÓM [2001]
Schlagworte:
Tags: Tag hinzufügen
Keine Tags, Fügen Sie das erste Tag hinzu!

MARC

LEADER 00000nam a2200000 4500
001 c124027
005 20221124102644.3
020 |a 80-225-1353-9 
041 0 |a slo 
044 |a SK 
245 1 0 |a Základy ekonómie a ekonomiky [2000/2001]  |c Kajetana Hontyová, Ján Lisý, Blanka Satková 
264 1 |a Bratislava  |b Vydavateľstvo EKONÓM  |c [2001] 
300 |a 175 s. 
610 2 0 |a ekonómia 
610 2 0 |a veda ekonomická 
610 2 0 |a vývoj 
610 2 0 |a výroba 
610 2 0 |a mikroekonomika 
610 2 0 |a makroekonomika 
610 2 0 |a trh 
610 2 0 |a dopyt 
610 2 0 |a ponuka 
610 2 0 |a ceny 
610 2 0 |a konkurencia 
610 2 0 |a pôda 
610 2 0 |a renta 
610 2 0 |a trh práce 
610 2 0 |a trh kapitálový 
610 2 0 |a mzdy 
610 2 0 |a podnikanie 
610 2 0 |a cykly hospodárske 
610 2 0 |a peniaze 
610 2 0 |a inflácia 
610 2 0 |a nezamestnanosť 
610 2 0 |a politika hospodárska 
610 2 0 |a politika fiškálna 
610 2 0 |a rast hospodársky 
610 2 0 |a vzťahy hospodárske medzinárodné 
610 2 0 |a sústava menová 
610 2 0 |a integrácia 
610 2 0 |a globalizácia hospodárstva 
100 1 |a Hontyová, Kajetána 
700 1 |a Lisý, Ján 
700 1 |a Satková, Blanka 
710 2 |a Ekonomická univerzita v Bratislave